000 00486nam a2200157Ia 4500
999 _c19892
_d19892
003 OSt
005 20200612140302.0
008 190216s9999||||xx |||||||||||||| ||und||
040 _coclc
082 _a001.51
_bMUL/M
100 _aMulay, Regina
_92847
245 0 _aMass Media International Relations And Non-Alignment /
_cRegina Mulay
260 _bDeep&Deep Publications,
_c1987.
_aNewdelhi:
300 _a536p
942 _cBK
_2ddc
_h001.51
_iMUL/M
_k001.51
_mMUL/M